000 00475nam a2200193Ia 4500
005 20250423100608.0
008 250422s9999 xx 000 0 und d
020 _a0- 978- 0- 321- 52534- 5
050 _aQA 39.3 .P74/
100 _aMarvin L. Bittinger
245 0 _aPrecalculus: grapgs medels
250 _a4th ed.
260 _aBoston
260 _bPearson Education, Inc.
260 _c2009
300 _a994 p
650 _aMathettics - textbooks
942 _cBK
999 _c33781
_d33781